| 000 | 00536nam a2200133Ia 4500 | ||
|---|---|---|---|
| 008 | 171212s9999 xx 000 0 und d | ||
| 020 | _a9781921862182 | ||
| 245 |
_ceditor Lindquist, Evert A.;Vincent, Sam;Wanna, John _aDelivering Policy Reform _bAnchoring Significant Reforms in Turbulent Times |
||
| 260 |
_bANU E Press _c2011 |
||
| 440 | _aAustralia and New Zealand School of Government (ANZSOG) | ||
| 650 | _aPolicy sciences; Public administration | ||
| 650 | _aPolitical Science | ||
| 856 | _uwww.jstor.org/stable/10.2307/j.ctt24h91v | ||
| 999 |
_c351068 _d351068 |
||